Countries Least Similar To Argentina - Statistics

General Stats
  • This quiz has been taken 35 times
  • The average score is 8 of 21
Answer Stats
Rank Country Score % Correct
18 Chad 47.4
61%
12 Ethiopia 46.6
57%
20 Afghanistan 47.9
54%
1 Somalia 42.5
54%
5 Sudan 44.6
54%
6 Eritrea 45.4
50%
2 Bhutan 44.3
43%
12 North Korea 46.6
43%
19 South Sudan 47.7
43%
16 Laos 47.2
39%
11 Nepal 46.5
39%
9 Cambodia 45.6
36%
3 Yemen 44.5
36%
3 Bangladesh 44.5
32%
9 Papua New Guinea 45.6
29%
7 Mauritania 45.5
25%
15 Singapore 46.8
25%
16 Solomon Islands 47.2
25%
20 Brunei 47.9
11%
14 Gambia 46.7
7%
7 Sierra Leone 45.5
4%
No matching quizzes found
Score Distribution
Percent of People with Each Score
Percentile by Number Answered
Your Score History
You have not taken this quiz